Advanced accounting : (Record no. 1066)
[ view plain ]
| 000 -LEADER | |
|---|---|
| fixed length control field | 00726nac a22002171u 4500 |
| 008 - FIXED-LENGTH DATA ELEMENTS--GENERAL INFORMATION | |
| fixed length control field | 081124t2000 xxu||||| |||| 00| 0 eng d |
| 010 ## - LIBRARY OF CONGRESS CONTROL NUMBER | |
| LC control number | 99060961 |
| 020 ## - INTERNATIONAL STANDARD BOOK NUMBER | |
| International Standard Book Number | 0030186129 |
| 020 ## - INTERNATIONAL STANDARD BOOK NUMBER | |
| International Standard Book Number | 9780030263866 |
| 082 00 - DEWEY DECIMAL CLASSIFICATION NUMBER | |
| Classification number | 657.046 |
| Item number | PAH |
| Edition number | 22 |
| 100 ## - MAIN ENTRY--PERSONAL NAME | |
| Personal name | Pahler, Arnold J. |
| 9 (RLIN) | 1324 |
| 245 10 - TITLE STATEMENT | |
| Title | Advanced accounting : |
| Remainder of title | concepts and practice / |
| Statement of responsibility, etc | Arnold J. Pahler, Joseph E. Mori. |
| 250 ## - EDITION STATEMENT | |
| Edition statement | 7th ed. |
| 260 ## - PUBLICATION, DISTRIBUTION, ETC. (IMPRINT) | |
| Place of publication, distribution, etc | Fort Worth : |
| Name of publisher, distributor, etc | Dryden Press, |
| Date of publication, distribution, etc | 2000. |
| 300 ## - PHYSICAL DESCRIPTION | |
| Extent | xxix,1165p. : |
| Other physical details | forms ; |
| Dimensions | 27 cm. |
| 440 #4 - | |
| -- | The Dryden Press series in accounting |
| -- | 1325 |
| 504 ## - BIBLIOGRAPHY, ETC. NOTE | |
| Bibliography, etc | Includes bibliographical references and index. |
| 650 #0 - SUBJECT ADDED ENTRY--TOPICAL TERM | |
| Topical term or geographic name as entry element | Accounting. |
| 9 (RLIN) | 33525 |
| 700 1# - ADDED ENTRY--PERSONAL NAME | |
| Personal name | Mori, Joseph E. |
| 9 (RLIN) | 1326 |
| 942 ## - ADDED ENTRY ELEMENTS (KOHA) | |
| Item type | Book - Borrowing |
| Call number prefix | 657.046PAH |
| Source of classification or shelving scheme | Dewey Decimal Classification |
| Withdrawn status | Item status | Source of classification or shelving scheme | Damaged status | Not for loan | Home library | Current library | Shelving location | Date acquired | Source of acquisition | Total Checkouts | Full call number | Barcode | Date last seen | Date last borrowed | Koha item type |
|---|---|---|---|---|---|---|---|---|---|---|---|---|---|---|---|
| Dewey Decimal Classification | Central Library | Central Library | First floor | 20/08/2006 | Purchase | 1 | 657.046 PAH | 000003431 | 15/07/2025 | 08/03/2012 | Book - Borrowing |